[Event "Krapina op 10th"]
[Site "Krapina"]
[Date "2020.01.19"]
[Round "7"]
[White "Jakovic, Roko"]
[Black "Babic, Mladen"]
[Result "1-0"]
[WhiteElo "1760"]
[BlackElo "1799"]
[PlyCount "55"]
[EventDate "2020.01.16"]
[EventType "swiss"]
[EventRounds "7"]
[EventCountry "CRO"]
[SourceTitle "CBM 194 Extra"]
[Source "ChessBase"]
[SourceDate "2020.03.31"]
[SourceVersion "1"]
[SourceVersionDate "2020.03.31"]
[SourceQuality "1"]

1. d4 d5 2. c4 c6 3. Nc3 dxc4 4. a4 b6 5. e4 Ba6 6. Bf4 e6 7. Nf3 Bd6 8. Bxd6 Qxd6 9. Qc2 b5 10. Be2 Ne7 11. 0-0 Ng6 12. e5 Qe7 13. Ne4 Nf4 14. Nd6+ Kf8 15. Qe4 Nxe2+ 16. Qxe2 h5 17. axb5 Bxb5 18. Nxb5 cxb5 19. Qe4 Nc6 20. Qxc6 Rd8 21. Qc5 Qxc5 22. dxc5 Rd7 23. c6 Rc7 24. Nd4 Kg8 25. Ra6 Kh7 26. Nxb5 Re7 27. Rxa7 Ree8 28. Nd6 1-0

[Event "Krapina op 9th"]
[Site "Krapina"]
[Date "2019.01.19"]
[Round "5"]
[White "Babic, Mladen"]
[Black "Spoljar, Krunoslav"]
[Result "1-0"]
[WhiteElo "1820"]
[BlackElo "1740"]
[PlyCount "55"]
[EventDate "2019.01.17"]
[EventType "swiss"]
[EventRounds "7"]
[EventCountry "CRO"]
[SourceTitle "CBM 188 Extra"]
[Source "ChessBase"]
[SourceDate "2019.02.26"]
[SourceVersion "1"]
[SourceVersionDate "2019.02.26"]
[SourceQuality "1"]

1. d4 e6 2. e4 d5 3. e5 c5 4. c3 Nc6 5. Nf3 Qb6 6. Na3 cxd4 7. cxd4 Bb4+ 8. Bd2 Nxd4 9. Nxd4 Bxa3 10. Bb5+ Kf8 11. bxa3 Ne7 12. Bb4 h5 13. 0-0 a6 14. Ba4 Qd8 15. Rc1 Kg8 16. Bd6 b5 17. Bb3 Ng6 18. Qf3 Rh6 19. Rc7 f5 20. Nxf5 exf5 21. Bxd5+ Kh8 22. Bxa8 Nh4 23. Qc3 Bd7 24. Bf8 Qxa8 25. Bxg7+ Kh7 26. Qh3 Rg6 27. f3 Nxg2 28. Qxh5+ 1-0

[Event "Hum na Sutli op 11th"]
[Site "Hum na Sutli"]
[Date "2017.09.01"]
[Round "8"]
[White "Babic, Mladen"]
[Black "Blazeka, Mihaela"]
[Result "0-1"]
[WhiteElo "1835"]
[BlackElo "2101"]
[PlyCount "62"]
[EventDate "2017.08.25"]
[EventType "swiss"]
[EventRounds "9"]
[EventCountry "CRO"]
[SourceTitle "EXT 2018"]
[Source "ChessBase"]
[SourceDate "2017.10.13"]
[SourceVersion "1"]
[SourceVersionDate "2017.10.13"]
[SourceQuality "1"]

1. d4 Nf6 2. c4 e6 3. a3 b6 4. Nc3 Bb7 5. Nf3 c5 6. Bg5 Be7 7. e3 0-0 8. Be2 d6 9. 0-0 Nbd7 10. Qc2 Rc8 11. Rad1 cxd4 12. Nxd4 d5 13. Qa4 a6 14. cxd5 b5 15. Qb3 Nxd5 16. Bxe7 Qxe7 17. Bf3 Nxc3 18. bxc3 Rc4 19. Qb2 Bxf3 20. Nxf3 Nc5 21. Rd4 Na4 22. Qd2 Rxd4 23. cxd4 Qxa3 24. Qa5 Qd6 25. Rc1 Qb6 26. Qd2 b4 27. Ne5 Qb5 28. h4 Nc3 29. Kh1 a5 30. Nd3 Ne4 31. Qc2 Qxd3 0-1

[Event "Hum na Sutli op 9th"]
[Site "Hum na Sutli"]
[Date "2015.09.05"]
[Round "9"]
[White "Stocko, Josip"]
[Black "Babic, Mladen"]
[Result "1-0"]
[WhiteElo "2312"]
[BlackElo "1853"]
[PlyCount "57"]
[EventDate "2015.08.28"]
[EventType "swiss"]
[EventRounds "9"]
[EventCountry "CRO"]
[SourceTitle "EXT 2016"]
[Source "ChessBase"]
[SourceDate "2015.10.08"]
[SourceVersion "1"]
[SourceVersionDate "2015.10.08"]
[SourceQuality "1"]

1. e4 c5 2. Nf3 Nc6 3. Bb5 a6 4. Bxc6 bxc6 5. 0-0 g6 6. Re1 Bg7 7. d3 h5 8. Nc3 Bh6 9. e5 Bxc1 10. Qxc1 Bb7 11. Qe3 Qb6 12. Na4 Qc7 13. Nxc5 Nh6 14. a4 Nf5 15. Qd2 h4 16. Ra3 Bc8 17. a5 d6 18. exd6 Qxd6 19. Ne4 Qc7 20. h3 Be6 21. Qc3 0-0-0 22. Ra4 Nd6 23. Nxd6+ exd6 24. Qf6 Rh5 25. Ng5 Bd7 26. Nxf7 c5 27. Nxd8 Bxa4 28. Nf7 Rd5 29. Qe6+ 1-0

[Event "Hum na Sutli op 9th"]
[Site "Hum na Sutli"]
[Date "2015.08.28"]
[Round "1"]
[White "Tomazini, Zan"]
[Black "Babic, Mladen"]
[Result "1-0"]
[WhiteElo "2411"]
[BlackElo "1853"]
[PlyCount "53"]
[EventDate "2015.08.28"]
[EventType "swiss"]
[EventRounds "9"]
[EventCountry "CRO"]
[SourceTitle "EXT 2016"]
[Source "ChessBase"]
[SourceDate "2015.10.08"]
[SourceVersion "1"]
[SourceVersionDate "2015.10.08"]
[SourceQuality "1"]

1. e4 c5 2. c3 Nc6 3. d4 cxd4 4. cxd4 e6 5. Nc3 Bb4 6. Nf3 Nf6 7. Bd3 0-0 8. 0-0 d5 9. e5 Nd7 10. Bxh7+ Kh8 11. Bc2 Be7 12. Ng5 g6 13. Qg4 Bxg5 14. Bxg5 Qe8 15. Qh4+ Kg8 16. Nb5 f6 17. exf6 Qf7 18. Nc7 Nxf6 19. Nxa8 Nh7 20. Bh6 Rd8 21. Nc7 Qxc7 22. Bxg6 Qe7 23. Bxh7+ Qxh7 24. Rae1 Re8 25. Re3 Ne7 26. Rg3+ Ng6 27. Qf6 1-0

[Event "Hum na Sutli op 7th"]
[Site "Hum na Sutli"]
[Date "2013.09.05"]
[Round "7"]
[White "Babic, Mladen"]
[Black "Krklec, Josip"]
[Result "0-1"]
[WhiteElo "1899"]
[BlackElo "2108"]
[PlyCount "88"]
[EventDate "2013.08.30"]
[EventType "swiss"]
[EventRounds "9"]
[EventCountry "CRO"]
[SourceTitle "EXT 2015"]
[Source "ChessBase"]
[SourceDate "2014.11.20"]
[SourceVersion "1"]
[SourceVersionDate "2014.11.20"]
[SourceQuality "1"]

1. d4 Nf6 2. c4 g6 3. Nc3 d5 4. cxd5 Nxd5 5. e4 Nxc3 6. bxc3 Bg7 7. Bc4 c5 8. Be3 Qa5 9. Ne2 0-0 10. 0-0 Nd7 11. f4 Nb6 12. Qb3 Nxc4 13. Qxc4 b6 14. dxc5 Ba6 15. Qb3 Bxe2 16. Rf2 Qb5 17. e5 bxc5 18. Qxb5 Bxb5 19. Bxc5 Rfe8 20. a4 Bc4 21. a5 a6 22. Ra4 Bb5 23. Rb4 Rac8 24. Bd4 e6 25. h4 Bf8 26. Rbb2 Bc5 27. Rfd2 Red8 28. g4 Bxd4+ 29. cxd4 Rc4 30. Kf2 Rdxd4 31. Rxd4 Rxd4 32. Ke3 Ra4 33. h5 Kg7 34. f5 exf5 35. hxg6 f4+ 36. Kf3 hxg6 37. g5 Bc6+ 38. Kg4 f3+ 39. Kg3 Rxa5 40. Rb6 Bd5 41. Rd6 Kf8 42. Rf6 Ke7 43. Kf2 Ra2+ 44. Ke3 f2 0-1

[Event "Krapina op"]
[Site "Krapina"]
[Date "2011.07.01"]
[Round "2"]
[White "Takac, Zvonko"]
[Black "Babic, Mladen"]
[Result "1-0"]
[WhiteElo "2071"]
[BlackElo "1885"]
[PlyCount "73"]
[EventDate "2011.06.29"]
[EventType "swiss"]
[EventRounds "9"]
[EventCountry "CRO"]
[SourceTitle "EXT 2012"]
[Source "ChessBase"]
[SourceDate "2011.11.24"]
[SourceVersion "1"]
[SourceVersionDate "2011.11.24"]
[SourceQuality "1"]

1. f4 b6 2. e4 Bb7 3. Nc3 e6 4. Nf3 Bb4 5. d3 Nc6 6. Bd2 Nf6 7. Be2 Ng4 8. h3 Bxc3 9. bxc3 Nf6 10. 0-0 h6 11. Be3 a5 12. Qd2 d6 13. Nd4 Nxd4 14. cxd4 0-0 15. c4 Qe7 16. Bf3 Nh7 17. Rab1 Rad8 18. c5 dxc5 19. dxc5 Ba6 20. Be2 Nf6 21. cxb6 Nxe4 22. Qxa5 Bxd3 23. bxc7 Ra8 24. Qxa8 Rxa8 25. Rb8+ Kh7 26. Bxd3 Qxc7 27. Bxe4+ f5 28. Rxa8 fxe4 29. Rc1 Qd6 30. Ra7 Qd3 31. Kf2 Qb5 32. Rcc7 Qb2+ 33. Kg1 Qb1+ 34. Kh2 Qb5 35. Rxg7+ Kh8 36. Bd4 e5 37. Bxe5 1-0